000 00586nam a2200181Ia 4500
008 100920s9999 xx 000 0 und d
082 _b17768
_a491.462 थ 66
100 _aसुळे रमेश.
245 _aयेथे रांग लावा.
260 _bजगताप-कारले प्रकाशन, पुणे 2.
_c1966
300 _a22
_bसाधी
365 _b0.6
520 _aनाटक.
630 _aयेथे रांग लावा.
650 _aनाटक.
730 _aयेथे रांग लावा.
942 _cBOOK
999 _c679714
_d679711